000 00607nam a22001937a 4500
999 _c181101
_d181101
005 20210831164516.0
010 _aUR-11218
020 _c200.00
_a9789390533015
035 _aU-9773
037 _bDBAD/PUB
082 _a841
100 _aقمر ز ا ہد ی
245 _aسا ز حيا ت
_cقمر ز ا ہد ی
246 _aSaze Hayat (Urdu)
_bby Qamar Zahidi
260 _aDelhi
_c2020 ء
_bEducational Publishing House
270 _a3191,Vakil Street, Kucha Pandit Lal Kuan,
_b Delhi
_e110006
_l23216162
300 _a152 ص
_c22 Cm(Hb)
942 _2ddc
_cUR
_h841
_mق م ر